| 000 | 01049nam a22003257a 4500 | ||
|---|---|---|---|
| 001 | 0022054 | ||
| 003 | KOHA_MİRAKIL | ||
| 005 | 20260207002334.0 | ||
| 007 | ta | ||
| 008 | 100823b1991 tu a|||gr||||#||||0|tur | | ||
| 040 |
_aTR-BiSEU _btur _cTR-BiSEU _erda |
||
| 041 | 0 | _atur | |
| 044 | _ctu | ||
| 050 |
_aHF5681 _b.E76 1991 |
||
| 100 | 1 | _aErol, Cengiz. | |
| 245 | 1 |
_aNakit akım yaklaşım yönetimiyle kredi değerlendirmesi : _b"mali tablolar analizi"/ _cCengiz Erol ; Cengiz Erol. |
|
| 264 | 1 |
_aAnkara : _bTürkiye Bankalar Birliği _c1991 |
|
| 300 |
_a182 sayfa : _bşkl. tbl. ; _c24 cm. |
||
| 336 |
_ametin _btxt _2rdacontent |
||
| 337 |
_aaracısız _bn _2rdamedia |
||
| 338 |
_acilt _bnc _2rdacarrier |
||
| 490 | 1 |
_aTürkiye Bankalar Birliği ; _vyayın no: 167 |
|
| 500 | _aKaynakça ve dizin var. | ||
| 650 | 0 |
_aFinancial statements. _93088 |
|
| 650 | 0 |
_aCredit. _916262 |
|
| 650 | 0 |
_aFinansal tablolar. _93089 |
|
| 650 | 0 |
_aKredi. _916263 |
|
| 830 | 1 |
_aTürkiye Bankalar Birliği ; _vyayın no: 167 _924823 |
|
| 942 |
_2lcc _cBK |
||
| 999 |
_c22010 _d22010 |
||